Nalaganje...

Chandramathiyude kathakal Sampoornam

Bibliografske podrobnosti
Glavni avtor: Chandramathi
Izdano: D C Books
LEADER 00185 a2200085 4500
100 |a Chandramathi 
245 |a Chandramathiyude kathakal Sampoornam 
260 |b D C Books 
942 |c BK  |6 _ 
999 |c 67587  |d 67587